| 000 | 00867nam a2200229 a 4500 | ||
|---|---|---|---|
| 001 | 40413 | ||
| 003 | BD-RjUL | ||
| 005 | 20211209053216.0 | ||
| 008 | 160430s2000 bg ||||| |||| 00| 0 ben d | ||
| 020 |
_a9848371967 _c: Tk. 125.00 |
||
| 035 | _a(BD-RjUL)40528 | ||
| 040 |
_aBD-RjUL _bben _cBD-RjUL |
||
| 041 | _aben | ||
| 082 |
_223 _a070.4095492 _bGUS 2000 |
||
| 100 |
_aগুপ্ত, সন্তোস _9124491 |
||
| 245 | 1 | 0 |
_a সংবাদপত্রের স্বাধীনতা বনাম সাংবাদিকতা / _cসন্তোস গুপ্ত |
| 260 |
_aঢাকা : _bকাকলী প্রকাশনী, _c২০০০ |
||
| 300 |
_a১৭৬ পৃ. ; _c২০ সেমি. |
||
| 650 |
_aসাংবাদিকতা _zবাংলাদেশ _9124492 |
||
| 650 |
_aJournalism _zBangladesh _9124493 |
||
| 942 |
_2ddc _cBK |
||
| 999 |
_c40413 _d40413 |
||